书目信息 |
| 题名: |
冶金分析试剂的提纯与配制
|
|
| 作者: | ;《冶金分析试剂的提纯与配制》编写组 编 | |
| 分册: | ||
| 出版信息: | 北京 冶金工业出版社 1973 |
|
| 页数: | 340页 | |
| 开本: | 19cm | |
| 丛书名: | ||
| 单 册: | ||
| 中图分类: | TF11 | |
| 科图分类: | ||
| 主题词: | 提取冶金 , 化学冶金 | |
| 电子资源: | ||
| ISBN: | ||
| 000 | 00773nam0 2200229 45 | |
| 001 | 0178001467 | |
| 005 | 20060508162843.92 | |
| 010 | @dCNY0.93 | |
| 091 | @aK15062.3047 | |
| 100 | @a19950731e19781973em y0chiy0121 ea | |
| 101 | 0 | @achi |
| 102 | @aCN@b110000 | |
| 105 | @ay z 000yy | |
| 200 | 10 | @a冶金分析试剂的提纯与配制@Aye jin fen xi shi ji de ti chun yu pei zhi@f《冶金分析试剂的提纯与配制》编写组编@F《ye jin fen xi shi ji de ti chun yu pei zhi》bian xie zu bian |
| 210 | @a北京@c冶金工业出版社@d1973 | |
| 215 | @a340页@d19cm | |
| 606 | 0 | @a提取冶金 |
| 606 | 0 | @a化学冶金 |
| 690 | @aTF11@v3 | |
| 711 | 0 | @a《冶金分析试剂的提纯与配制》编写组@A《ye jin fen xi shi ji de ti chun yu pei zhi》bian xie zu@4编 |
| 801 | 0 | @aCN@bTSSF@c20060508 |
| 905 | @a10447@dTF11@e2 | |
| 冶金分析试剂的提纯与配制/《冶金分析试剂的提纯与配制》编写组编.-北京:冶金工业出版社,1973 |
| 340页;19cm |
| ISBN :CNY0.93 |
| ● |
| 相关链接 |
|
|
|
|
正题名:冶金分析试剂的提纯与配制
索取号:TF11/2
 
预约/预借
| 序号 | 登录号 | 条形码 | 馆藏地/架位号 | 状态 | 备注 |
| 1 | 0016143 | 202314619 | 密集书库/ [索取号:TF11/2] | 在馆 |